00687nam a22001937a 4500999001900000005001700019010001500036020003000051035001400081037001300095082001400108100001800122245006000140260003800200270007000238300002100308942002800329952013600357 c193542d19354220221102114806.0 aENG-135586 c450.00a978-93-86797-25-4 aEN-119118 bDBAD/PUB a324.70954 aSahgal, Priya aContenders: Who will lead India tomorrow/cPriya Sahgal c2018bSimon & SchusteraNew Delhi a818, Intraprastha Building, 21, Barakhmba RoadbNew Delhie110001 a243p.c21cm(pbk) 2ddccENmSAHh324.70954 001040708NFICaPRbPRd2022-11-02eDBAD/PUBg400.00l1o324.70954 SAHpEN-119118r2023-03-17 00:00:00s2023-03-03t1v400.00yEN